MARC

LEADER 00000nam0a2200000 4500
001 263961
005 20260127110557.0
035 |a (RuTPU)RU\TPU\book\286952 
090 |a 263961 
100 |a 20140616d1987 m y0rusy50 ca 
101 0 |a rus 
102 |a RU 
105 |a a z 000ay 
200 1 |a По ту сторону блокадного кольца  |e повести и рассказы  |f Г. К. Холопов  |g под ред. Н. М. Коняева ; под ред. Е. В. Тушнова 
210 |a Ленинград  |c Советский писатель  |d 1987 
215 |a 544 с.  |c ил. 
606 1 |a Русская литература современная  |2 stltpush  |3 (RuTPU)RU\TPU\subj\26373  |9 50316 
610 1 |a художественная литература 
610 1 |a повести 
610 1 |a рассказы 
610 1 |a Великая Отечественная война 1941-1945 
610 1 |a блокада 
610 1 |a блокадный Ленинград 
610 1 |a военная проза 
675 |a Р2  |v 3 
700 1 |a Холопов  |b Г. К.  |g Георгий Константинович  |4 070 
702 1 |a Коняев  |b Н. М.  |4 340 
702 1 |a Тушнов  |b Е. В.  |4 340 
801 1 |a RU  |b 63413507  |c 20140616 
801 2 |a RU  |b 63413507  |c 20211111  |g RCR 
942 |c BK